| 000 | 00586nam a22001817a 4500 | ||
|---|---|---|---|
| 999 |
_c19529 _d19529 |
||
| 005 | 20180305144444.0 | ||
| 008 | 170605b ag xu||||| |||| 00| 0 spa d | ||
| 040 |
_aCO-BoIAVH _cCO-BoIAVH |
||
| 041 | 0 | _aspa | |
| 044 | _aag | ||
| 090 |
_aFG- _b0187 |
||
| 110 | 2 | _aAsociación Ornitológica del Plata | |
| 245 | 1 | 0 |
_aPastizales argentinos amenazados: _bLas aves nos dan la clave |
| 260 |
_aBuenos Aires: _bAsociación Ornitológica del Plata, _c. |
||
| 300 |
_afolleto plegable; _bfotografías a color; _c22 x 10 cm. |
||
| 650 | 0 |
_aAves _zArgentina |
|
| 942 |
_2z _cFolleto |
||